Satellite radar interferometry : Subsidence monitoring techniques

Gespeichert in:
Bibliographische Detailangaben
1. Verfasser: Ketelaar, V.B.H.(Gini) (Verfasst von)
Format: Buch
Sprache:Englisch
Veröffentlicht: Springer Science+Business Media B.V., 2009
Tags: Tag hinzufügen
Keine Tags, Fügen Sie das erste Tag hinzu!

MARC

LEADER 00000nam a22000003a 4500
001 stu203462
005 20190206105151.8
008 100510s2009------------------------eng-d
020 |a 978-1-4020-9427-9 
040 |a STU  |b slo 
041 0 |a eng 
100 1 |a Ketelaar, V.B.H.(Gini)  |4 aut 
245 1 |a Satellite radar interferometry :  |b Subsidence monitoring techniques 
260 |b Springer Science+Business Media B.V.,  |c 2009 
300 |a 16,243 s 
996 |c V*50754/O-22710  |l VV3  |s P  |a 0  |w stu203462_0001